| 000 | 00563nam a22002177a 4500 | ||
|---|---|---|---|
| 003 | OSt | ||
| 005 | 20140310181702.0 | ||
| 008 | 121119t xxu||||| |||| 00| 0 eng d | ||
| 020 | _a0861631889 | ||
| 050 |
_aPZ 7 _b.B661 1987 |
||
| 082 |
_aKF _bB62b 1987 |
||
| 100 |
_aBlyton, Enid _94844 |
||
| 245 |
_aThe Banana Robber and Other Stories/ _cby Enid Blyton. |
||
| 260 |
_aLondon: _bAwards Publications, _c1987. |
||
| 300 |
_g192 p. : _b19 cm. |
||
| 541 | _j1 | ||
| 541 | _j2 | ||
| 562 | _e2 | ||
| 650 |
_aFiction _9746 |
||
| 942 |
_2lcc _cBK-KF _kKF |
||
| 999 |
_c1236 _d1236 |
||